[Event "RUS"]
[Site "?"]
[Date "2006.04.26"]
[Round "7"]
[White "Areshchenko Alexander"]
[Black "Volokitin Andrei"]
[Result "1/2-1/2"]
[WhiteElo "2660"]
[BlackElo "2660"]
[PlyCount "178"]
[EventDate "2006.??.??"]
[Source "www.chesslib.no"]
[SourceDate "2004.05.04"]

1. e4 e5 2. Nf3 Nf6 3. Nxe5 d6 4. Nf3 Nxe4 5. d3 Nf6 6. d4 d5 7. Bd3 Be7 8. h3 O-O 9. Nc3 b6 10. O-O Ba6 11. Bxa6 Nxa6 12. Ne5 h6 13. Bf4 Re8 14. Qf3 Nb4 15. Rac1 c5 16. a3 Na6 17. Rcd1 Nc7 18. dxc5 Bxc5 19. Ng4 Nxg4 20. Qxg4 d4 21. b4 Qc8 22. Bxc7 dxc3 23. Rd7 Bf8 24. Qd4 Re2 25. Rd8 Qb7 26. Rxa8 Qxa8 27. Qxc3 Qe4 28. Rc1 Be7 29. Qd3 Qxd3 30. cxd3 Ra2 31. d4 Rxa3 32. Rd1 Rc3 33. Bb8 Bxb4 34. Bxa7 Rc6 35. Bb8 Rf6 36. Bc7 b5 37. Be5 Rb6 38. d5 Bd6 39. Bxd6 Rxd6 40. Kf1 Kf8 41. Ke2 Ke7 42. Ke3 Rg6 43. Rb1 Rxg2 44. Kf3 Rg5 45. Rxb5 Rf5+ 46. Kg3 Kd6 47. h4 Rxd5 48. Rb7 Ke6 49. Ra7 Kf6 50. f3 Kg6 51. Kg4 Rd4+ 52. Kg3 Rd1 53. Rb7 Rd8 54. Kg4 f5+ 55. Kg3 Rg8 56. Rb5 Rf8 57. Rb6+ Kh5 58. Rb5 g6 59. Rb4 Rc8 60. Rf4 Rc3 61. Kh3 Rc5 62. Ra4 Rb5 63. Rc4 Rb6 64. Rf4 Rf6 65. Ra4 Re6 66. Kg3 Re3 67. Rf4 Rb3 68. Kh3 Rb5 69. Ra4 Rb3 70. Rf4 Rb1 71. Kg2 Rb5 72. Ra4 Rb2+ 73. Kg3 g5 74. hxg5 hxg5 75. Rc4 f4+ 76. Kh3 Rb3 77. Kg2 Kh4 78. Rc2 Ra3 79. Rb2 g4 80. fxg4 Kxg4 81. Rc2 Rg3+ 82. Kf2 Rh3 83. Kg2 f3+ 84. Kg1 Kg3 85. Rg2+ Kf4 86. Ra2 Rg3+ 87. Kf1 Rh3 88. Kg1 Kg3 89. Rg2+ Kf4 1/2-1/2

[Event "Olimpiadi 2008 - open"]
[Site "Dresda GER"]
[Date "2008.11.14"]
[Round "2"]
[White "Short, N."]
[Black "Nielsen, PH."]
[Result "1-0"]
[WhiteElo "2642"]
[BlackElo "2662"]
[PlyCount "91"]
[EventDate "2008.11.13"]
[Source "www.chesslib.no"]
[SourceDate "2004.05.04"]

1. e4 e5 2. Nf3 Nf6 3. Nxe5 d6 4. Nf3 Nxe4 5. d3 Nf6 6. d4 d5 7. Bd3 Be7 8. h3 Nc6 9. a3 O-O 10. O-O Re8 11. Nc3 h6 12. Re1 Bf8 13. Bf4 Rxe1+ 14. Qxe1 Bd6 15. Qd2 Be6 16. Re1 Bxf4 17. Qxf4 Nh5 18. Qe3 Nf6 19. Ne2 Qd6 20. Ng3 Ne7 21. Ne5 Qb6 22. f4 Nc6 23. c3 Re8 24. b4 Ne7 25. f5 Bc8 26. Ng4 Nxg4 27. hxg4 Qd6 28. g5 hxg5 29. Qxg5 f6 30. Qh4 Bd7 31. c4 Nc8 32. Rxe8+ Bxe8 33. c5 Qe7 34. Kf2 a6 35. Ne2 Bb5 36. Bxb5 axb5 37. Qf4 Qd7 38. g4 Ne7 39. Qf3 Kf7 40. Nf4 c6 41. Qh1 Kg8 42. Qh5 Qc8 43. Kg2 Qb8 44. Ne6 Qc8 45. Qh2 Ng6 46. fxg6 1-0

[Event "Bad Homburg"]
[Site "Bad Homburg"]
[Date "1998.07.19"]
[Round "3"]
[White "Torre, Eugenio"]
[Black "Jussupow, Artur"]
[Result "1/2-1/2"]
[WhiteElo "2560"]
[BlackElo "2630"]
[PlyCount "73"]
[EventDate "1998.07.17"]
[Source "ChessBase"]
[SourceDate "1998.09.30"]

1. e4 e5 2. Nf3 Nf6 3. Nxe5 d6 4. Nf3 Nxe4 5. d3 Nf6 6. d4 Be7 7. Bd3 Bg4 8. O-O O-O 9. Re1 c5 10. dxc5 dxc5 11. Na3 Nc6 12. Nc4 Re8 13. Ne3 Bh5 14. Nf5 Bf8 15. Rxe8 Qxe8 16. Bg5 Ne4 17. Bxe4 Qxe4 18. Ng3 Bxf3 19. Nxe4 Bxd1 20. Rxd1 Re8 21. Ng3 f6 22. Be3 Kf7 23. Kf1 g6 24. Rd7+ Re7 25. Rxe7+ Bxe7 26. c3 f5 27. Ke2 b5 28. Nf1 Ke6 29. Nd2 Kd5 30. Nf3 a5 31. Kd3 Bf6 32. b3 c4+ 33. bxc4+ bxc4+ 34. Kc2 a4 35. h3 Ne5 36. Nxe5 Bxe5 37. f3 1/2-1/2

[Event "Graz"]
[Site "?"]
[Date "2006.11.04"]
[Round "2"]
[White "Luther Thomas"]
[Black "Erenburg Sergey"]
[Result "0-1"]
[WhiteElo "2594"]
[BlackElo "2582"]
[PlyCount "123"]
[EventDate "2006.??.??"]
[Source "www.chesslib.no"]
[SourceDate "2004.05.04"]

1. e4 e5 2. Nf3 Nf6 3. Nxe5 d6 4. Nf3 Nxe4 5. d3 Nf6 6. d4 Be7 7. Bd3 O-O 8. O-O Re8 9. h3 c6 10. c4 a5 11. Nc3 Na6 12. Bf4 h6 13. a3 Be6 14. Qc2 Bf8 15. Rad1 Nc7 16. Bh2 Rb8 17. b3 Kh8 18. Ne2 b5 19. Nf4 bxc4 20. bxc4 Bc8 21. c5 Ncd5 22. cxd6 Nxf4 23. Bxf4 Bxd6 24. Ne5 Bxe5 25. dxe5 Nd5 26. Bg3 Rb6 27. Qc5 Ba6 28. Qxa5 Qa8 29. Qc5 Rb3 30. Bxa6 Qxa6 31. e6 Rxe6 32. Qf8+ Kh7 33. Qxf7 Rf6 34. Qe8 Qxa3 35. Ra1 Qe7 36. Qxe7 Nxe7 37. Ra7 Nf5 38. Be5 Re6 39. f4 Rg6 40. Kh2 h5 41. Rf2 Rb1 42. Ra1 Rxa1 43. Bxa1 h4 44. Be5 c5 45. Rc2 c4 46. Kg1 Rg3 47. Rc3 Rxc3 48. Bxc3 Ng3 49. Bb4 c3 50. Kf2 c2 51. Ba3 Kg6 52. Ke3 Kf5 53. Kd2 Kxf4 54. Bd6+ Ke4 55. Be7 Nf5 56. Bg5 g6 57. Ke2 Ng3+ 58. Kd2 Nf1+ 59. Ke2 Kf5 60. Bc1 Ng3+ 61. Kd3 Nh5 62. Kd4 0-1

[Event "Bad Homburg"]
[Site "Bad Homburg"]
[Date "1998.07.23"]
[Round "6"]
[White "Hort, Vlastimil"]
[Black "Jussupow, Artur"]
[Result "1/2-1/2"]
[WhiteElo "2510"]
[BlackElo "2630"]
[PlyCount "56"]
[EventDate "1998.07.17"]
[Source "ChessBase"]
[SourceDate "1998.09.30"]

1. e4 e5 2. Nf3 Nf6 3. Nxe5 d6 4. Nf3 Nxe4 5. d3 Nf6 6. d4 Be7 7. Bd3 O-O 8. O-O Bg4 9. Re1 Re8 10. Bf4 Nbd7 11. h3 Bh5 12. Nbd2 Nf8 13. c3 Bg6 14. Bf1 Ne6 15. Bh2 Nh5 16. Nc4 Bf8 17. Qb3 Rb8 18. a4 Qf6 19. Re3 Nhf4 20. Rae1 Red8 21. Ncd2 c6 22. Bg3 Rd7 23. Bh4 Qf5 24. Ne4 Qa5 25. Neg5 Nxg5 26. Bxg5 Nd5 27. R3e2 Nb6 28. Ra1 Qd5 1/2-1/2

[Event "Bourgas"]
[Site "?"]
[Date "1992.??.??"]
[Round "?"]
[White "Spasov, Vasil V"]
[Black "Georgiev, Kiril D"]
[Result "1/2-1/2"]
[WhiteElo "2535"]
[BlackElo "2605"]
[PlyCount "39"]
[EventDate "1992.??.??"]
[Source "www.chesslib.no"]
[SourceDate "2004.05.04"]

1. e4 e5 2. Nf3 Nf6 3. Nxe5 d6 4. Nf3 Nxe4 5. d3 Nf6 6. d4 Be7 7. Bd3 O-O 8. O-O Nbd7 9. Re1 Re8 10. Nbd2 Nf8 11. Nf1 Ng6 12. Ng3 c6 13. c3 Bd7 14. h3 Qc7 15. Qc2 Nd5 16. Bd2 a5 17. Ng5 Qd8 18. Nf3 Qc7 19. Ng5 Qd8 20. Rac1 1/2-1/2

[Event "Ch (Men) Osterburg GER"]
[Site "?"]
[Date "2006.02.09"]
[Round "7"]
[White "Luther Thomas"]
[Black "Kritz Leonid"]
[Result "1/2-1/2"]
[WhiteElo "2569"]
[BlackElo "2561"]
[PlyCount "41"]
[EventDate "2006.??.??"]
[Source "www.chesslib.no"]
[SourceDate "2004.05.04"]

1. e4 e5 2. Nf3 Nf6 3. Nxe5 d6 4. Nf3 Nxe4 5. d3 Nf6 6. d4 Be7 7. Bd3 Bg4 8. O-O O-O 9. h3 Bh5 10. Bf4 Re8 11. c3 c6 12. Nbd2 Bg6 13. Bxg6 hxg6 14. Qb3 Qd7 15. Rfe1 Na6 16. Ne4 Nxe4 17. Rxe4 Bf8 18. Rae1 Rxe4 19. Rxe4 b6 20. Bg3 Nc7 21. Qd1 1/2-1/2

[Event "Rotterdam Triomfator op 1st"]
[Site "?"]
[Date "2002.06.16"]
[Round "5"]
[White "Dgebuadze Alexandre"]
[Black "Fridman Daniel"]
[Result "1/2-1/2"]
[WhiteElo "2540"]
[BlackElo "2571"]
[PlyCount "36"]
[EventDate "2002.??.??"]
[Source "www.chesslib.no"]
[SourceDate "2004.05.04"]

1. e4 e5 2. Nf3 Nf6 3. Nxe5 d6 4. Nf3 Nxe4 5. d3 Nf6 6. d4 Bg4 7. h3 Bh5 8. Be2 Be7 9. O-O O-O 10. Re1 Re8 11. Bf4 Bf8 12. Nbd2 Nbd7 13. c3 Nd5 14. Bh2 Qf6 15. Qb3 N7b6 16. Bd3 Bg6 17. Ne4 Qd8 18. Qc2 Nf6 1/2-1/2

[Event "FRA Ch Top 16 Poule Basse"]
[Site "?"]
[Date "2005.05.04"]
[Round "8"]
[White "Dgebuadze Alexandre"]
[Black "Landa Konstantin"]
[Result "1/2-1/2"]
[WhiteElo "2534"]
[BlackElo "2571"]
[PlyCount "66"]
[EventDate "2005.??.??"]
[Source "www.chesslib.no"]
[SourceDate "2004.05.04"]

1. e4 e5 2. Nf3 Nf6 3. Nxe5 d6 4. Nf3 Nxe4 5. d3 Nf6 6. d4 Be7 7. c4 O-O 8. Nc3 c6 9. Be2 d5 10. cxd5 Nxd5 11. O-O Bf5 12. Bc4 Nb6 13. Bb3 Na6 14. a4 Nb4 15. a5 N6d5 16. Ne5 f6 17. Nc4 Kh8 18. Ne3 Nxe3 19. Bxe3 Qd7 20. Qf3 Rfd8 21. h3 Bc2 22. Bxc2 Nxc2 23. Ra4 Bb4 24. Rd1 Qf7 25. d5 Bxc3 26. bxc3 Nxe3 27. fxe3 cxd5 28. Rad4 Qc7 29. Rxd5 Rxd5 30. Qxd5 h6 31. Rb1 Re8 32. Qxb7 Qxa5 33. Qb4 Qg5 1/2-1/2

[Event "VISA Nordic GP Final"]
[Site "Gentofte"]
[Date "1999.08.14"]
[Round "7"]
[White "Hansen, Sune Berg"]
[Black "Schandorff, Lars"]
[Result "1/2-1/2"]
[WhiteElo "2558"]
[BlackElo "2514"]
[PlyCount "28"]
[EventDate "1999.08.05"]
[Source "ChessBase"]
[SourceDate "1999.12.01"]

1. e4 e5 2. Nf3 Nf6 3. Nxe5 d6 4. Nf3 Nxe4 5. d3 Nf6 6. d4 Be7 7. Bd3 O-O 8. O-O c5 9. h3 Nc6 10. c3 h6 11. dxc5 dxc5 12. Bf4 Be6 13. Na3 a6 14. Qe2 Bd6 1/2-1/2

[Event "Chigorin Memorial"]
[Site "St. Petersburg"]
[Date "2004.10.21"]
[Round "6.12"]
[White "Areshchenko, Alexander"]
[Black "Frolyanov, Dmitry"]
[Result "1-0"]
[WhiteElo "2580"]
[BlackElo "2486"]
[PlyCount "81"]
[EventDate "2004.10.15"]
[Source "Roberto Alvarez"]
[SourceDate "2004.11.08"]

1. e4 e5 2. Nf3 Nf6 3. Nxe5 d6 4. Nf3 Nxe4 5. d3 Nf6 6. d4 Be7 7. Bd3 O-O 8. h3 b6 9. O-O Bb7 10. Re1 Nbd7 11. Nc3 Re8 12. d5 a6 13. a4 Bf8 14. Be3 g6 15. Bc4 Bg7 16. Nd4 Nc5 17. Qf3 Nfe4 18. Nxe4 Rxe4 19. c3 Qe8 20. Qd1 Nd7 21. Bd3 Re5 22. c4 Qf8 23. a5 Rd8 24. Nc6 Bxc6 25. dxc6 Nc5 26. axb6 cxb6 27. b4 Nxd3 28. Qxd3 b5 29. Rac1 Rc8 30. cxb5 axb5 31. Red1 d5 32. Bc5 Qe8 33. Bd6 Re6 34. Qxd5 Bh6 35. Rc2 Bf8 36. Bxf8 Qxf8 37. Qxb5 Qe8 38. Rdc1 Re1+ 39. Rxe1 Qxe1+ 40. Kh2 Qd1 41. Qc5 1-0

[Event "Minsk Int"]
[Site "Minsk BLR"]
[Date "1986.??.??"]
[Round "?"]
[White "Psakhis, Lev B"]
[Black "Mikhalchishin, Adrian B"]
[Result "1/2-1/2"]
[WhiteElo "2555"]
[BlackElo "2510"]
[PlyCount "58"]
[EventDate "1986.12.??"]
[Source "www.chesslib.no"]
[SourceDate "2004.05.04"]

1. e4 e5 2. Nf3 Nf6 3. Nxe5 d6 4. Nf3 Nxe4 5. d3 Nf6 6. d4 Be7 7. Bd3 O-O 8. h3 c5 9. O-O Nc6 10. Nc3 Nb4 11. Re1 h6 12. Bf4 Be6 13. Bf1 Nbd5 14. Nxd5 Nxd5 15. Bg3 Bf6 16. c3 Qb6 17. Qd2 Ne7 18. dxc5 dxc5 19. Ne5 Rad8 20. Qc2 Rd5 21. Nc4 Qc6 22. Ne3 Rd7 23. Red1 Rfd8 24. Rxd7 Rxd7 25. Ng4 Bxg4 26. hxg4 Qe6 27. Qa4 a6 28. Bc4 Nd5 29. Be2 Nxc3 1/2-1/2

[Event "ISR Ch"]
[Site "Tel Aviv ISR"]
[Date "1994.??.??"]
[Round "2"]
[White "Sutovsky, Emil"]
[Black "Alterman, Boris"]
[Result "1/2-1/2"]
[WhiteElo "2465"]
[BlackElo "2595"]
[PlyCount "37"]
[EventDate "1994.10.??"]
[Source "www.chesslib.no"]
[SourceDate "2004.05.04"]

1. e4 e5 2. Nf3 Nf6 3. Nxe5 d6 4. Nf3 Nxe4 5. d3 Nf6 6. d4 Be7 7. Bd3 Bg4 8. O-O O-O 9. Re1 Re8 10. Nbd2 Nc6 11. c3 Bf8 12. Rxe8 Qxe8 13. Nf1 Bh5 14. Ng3 Bg6 15. Bxg6 hxg6 16. Qd3 Qd7 17. Bg5 Re8 18. Bxf6 gxf6 19. Qd2 1/2-1/2

[Event "Latin Cup Final"]
[Site "Bogota COL"]
[Date "1991.??.??"]
[Round "1"]
[White "Sisniega, Marcel"]
[Black "Rodriguez Cespedes, Amador"]
[Result "1/2-1/2"]
[WhiteElo "2530"]
[BlackElo "2530"]
[PlyCount "21"]
[EventDate "1991.??.??"]
[Source "www.chesslib.no"]
[SourceDate "2004.05.04"]

1. e4 e5 2. Nf3 Nf6 3. Nxe5 d6 4. Nf3 Nxe4 5. d3 Nf6 6. d4 Be7 7. Bd3 Bg4 8. Nbd2 Nc6 9. c3 Qd7 10. Qc2 Qe6+ 11. Kf1 1/2-1/2

[Event "GER-GRE"]
[Site "Fuerth"]
[Date "2002.09.01"]
[Round "2"]
[White "Vouldis, Angelos"]
[Black "Gustafsson, Jan"]
[Result "0-1"]
[WhiteElo "2515"]
[BlackElo "2542"]
[PlyCount "64"]
[EventDate "2002.08.31"]
[Source "ChessBase"]
[SourceDate "2002.11.12"]

1. e4 e5 2. Nf3 Nf6 3. Nxe5 d6 4. Nf3 Nxe4 5. d3 Nf6 6. d4 d5 7. Bd3 Be7 8. O-O Bg4 9. c3 O-O 10. Nbd2 c5 11. dxc5 Bxc5 12. Nb3 Bb6 13. Re1 Nc6 14. Be3 Re8 15. Nbd4 Nxd4 16. cxd4 Qd6 17. a3 Ne4 18. h3 Bh5 19. Bb5 Re6 20. g4 Bg6 21. Ne5 f6 22. Nd3 Be8 23. Qb3 Bc6 24. Nf4 Re7 25. Rac1 Rae8 26. Qa4 Nxf2 27. Bxc6 Nxh3+ 28. Kf1 bxc6 29. Nxd5 cxd5 30. Rc6 Qf4+ 31. Bxf4 Rxe1+ 32. Kg2 Nxf4+ 0-1

[Event "YUG-chT playoff"]
[Site "?"]
[Date "1998.??.??"]
[Round "1"]
[White "Ivanovic Bozidar"]
[Black "Markovic Miroslav"]
[Result "1-0"]
[WhiteElo "2515"]
[BlackElo "2540"]
[PlyCount "93"]
[EventDate "1998.??.??"]
[Source "www.chesslib.no"]
[SourceDate "2004.05.04"]

1. e4 e5 2. Nf3 Nf6 3. Nxe5 d6 4. Nf3 Nxe4 5. d3 Nf6 6. d4 d5 7. Bd3 c5 8. O-O c4 9. Re1+ Be7 10. Bf1 O-O 11. b3 cxb3 12. axb3 Nc6 13. Ne5 Nxe5 14. dxe5 Ne4 15. Bd3 Be6 16. Ba3 f5 17. Bxe7 Qxe7 18. Nd2 Qc5 19. Qe2 a5 20. Nf3 b5 21. Qe3 b4 22. Qxc5 Nxc5 23. Nd4 f4 24. Ra2 Rfc8 25. g3 fxg3 26. hxg3 Nxd3 27. cxd3 Bd7 28. Rea1 Rc5 29. f4 a4 30. bxa4 Rc3 31. Rb2 Rxd3 32. Rxb4 Rxg3+ 33. Kf2 Rg4 34. e6 Be8 35. Nf5 h5 36. Ne3 Rh4 37. Nxd5 Rh2+ 38. Kg3 Rc2 39. Nb6 Ra6 40. a5 Rc6 41. Nd5 Rc5 42. Rb6 Raxa5 43. Rxa5 Rxa5 44. Rb8 Rxd5 45. Rxe8+ Kh7 46. e7 Rd7 47. Rh8+ 1-0

[Event "It (open)"]
[Site "Oberwart (Austria)"]
[Date "2007.07.12"]
[Round "6"]
[White "Kovalev Andrei (BLR)"]
[Black "Hera Imre Jr (HUN)"]
[Result "1/2-1/2"]
[WhiteElo "2529"]
[BlackElo "2526"]
[PlyCount "37"]
[EventDate "2007.??.??"]
[Source "www.chesslib.no"]
[SourceDate "2004.05.04"]

1. e4 e5 2. Nf3 Nf6 3. Nxe5 d6 4. Nf3 Nxe4 5. d3 Nf6 6. d4 g6 7. Bg5 Bg7 8. Qe2+ Qe7 9. Qxe7+ Kxe7 10. Nc3 Re8 11. O-O-O Kf8 12. h3 a6 13. Bd3 Nbd7 14. Rhe1 Rxe1 15. Rxe1 h6 16. Bd2 b5 17. a4 b4 18. Ne4 a5 19. Nxf6 1/2-1/2

[Event "RUS Team Ch"]
[Site "Podolsk RUS"]
[Date "1992.??.??"]
[Round "?"]
[White "Dolmatov, Sergey V"]
[Black "Raetsky, Alexander"]
[Result "1/2-1/2"]
[WhiteElo "2595"]
[BlackElo "2455"]
[PlyCount "51"]
[EventDate "1992.??.??"]
[Source "www.chesslib.no"]
[SourceDate "2004.05.04"]

1. e4 e5 2. Nf3 Nf6 3. Nxe5 d6 4. Nf3 Nxe4 5. d3 Nf6 6. d4 Be7 7. Bd3 Bg4 8. O-O O-O 9. Re1 c5 10. h3 Bh5 11. dxc5 dxc5 12. g4 Bg6 13. Bxg6 hxg6 14. Qxd8 Bxd8 15. Bf4 Ba5 16. c3 Rd8 17. Nbd2 Nc6 18. Ne4 Nxe4 19. Rxe4 Rd5 20. Rae1 f6 21. h4 Rad8 22. Kg2 Kf7 23. R1e2 R8d7 24. Be3 Bb6 25. a3 Rd3 26. Nd2 1/2-1/2

[Event "Bad Zwesten op 6th"]
[Site "Bad Zwesten"]
[Date "2002.01.07"]
[Round "5"]
[White "Luther, Thomas"]
[Black "Karpatchev, Aleksandr"]
[Result "1/2-1/2"]
[WhiteElo "2573"]
[BlackElo "2474"]
[PlyCount "99"]
[EventDate "2002.01.04"]
[Source "ChessBase"]
[SourceDate "2002.03.14"]

1. e4 e5 2. Nf3 Nf6 3. Nxe5 d6 4. Nf3 Nxe4 5. d3 Nf6 6. d4 g6 7. Bd3 Bg7 8. O-O O-O 9. Bg5 Nc6 10. c3 Ne7 11. Re1 h6 12. Bxf6 Bxf6 13. Nbd2 Bf5 14. Bxf5 Nxf5 15. Qb3 b6 16. Qb5 a6 17. Qc6 Ne7 18. Qc4 Qd7 19. Re2 Qb5 20. Qxb5 axb5 21. Ne4 Nd5 22. Nxf6+ Nxf6 23. a3 Rfe8 24. Rae1 Kf8 25. Kf1 Nd5 26. g3 Rxe2 27. Rxe2 Re8 28. Ne1 Rxe2 29. Kxe2 Ke7 30. Kd3 Nf6 31. f3 d5 32. Nc2 Ne8 33. b3 Ke6 34. Nb4 Kd6 35. Ke3 Ng7 36. g4 g5 37. f4 Ne6 38. Nd3 f6 39. Kf3 c5 40. dxc5+ Nxc5 41. Nxc5 bxc5 42. fxg5 hxg5 43. Ke2 Ke5 44. Ke3 Ke6 45. Ke2 f5 46. gxf5+ Kxf5 47. a4 bxa4 48. bxa4 Ke5 49. a5 Kd6 50. Kf3 1/2-1/2

[Event "Philidor Memorial"]
[Site "Paris FRA"]
[Date "1995.??.??"]
[Round "4"]
[White "Rausis, Igors"]
[Black "Korneev, Oleg"]
[Result "1/2-1/2"]
[WhiteElo "2495"]
[BlackElo "2540"]
[PlyCount "41"]
[EventDate "1995.12.??"]
[Source "www.chesslib.no"]
[SourceDate "2004.05.04"]

1. e4 e5 2. Nf3 Nf6 3. Nxe5 d6 4. Nf3 Nxe4 5. d3 Nf6 6. d4 g6 7. Bd3 Qe7+ 8. Qe2 Qxe2+ 9. Kxe2 Bg7 10. Re1 O-O 11. Kf1 Nc6 12. c3 Bg4 13. Nbd2 Rfe8 14. Rxe8+ Rxe8 15. h3 Bd7 16. Nc4 d5 17. Nce5 Nxe5 18. Nxe5 Bc8 19. Bf4 c6 20. Re1 Nd7 21. Nxd7 1/2-1/2

[Event "Villa Gesell"]
[Site "Villa Gesell"]
[Date "1996.??.??"]
[Round "8"]
[White "Tempone, Marcelo"]
[Black "Sorokin, Maxim"]
[Result "1/2-1/2"]
[WhiteElo "2460"]
[BlackElo "2560"]
[PlyCount "29"]
[EventDate "1996.03.??"]
[Source "ChessBase"]

1. e4 e5 2. Nf3 Nf6 3. Nxe5 d6 4. Nf3 Nxe4 5. d3 Nf6 6. d4 d5 7. Bd3 c5 8. O-O Nc6 9. h3 c4 10. Re1+ Be7 11. Bf1 O-O 12. b3 cxb3 13. axb3 Bf5 14. Bd3 Ne4 15. c3 1/2-1/2

[Event "Europa ch 2008"]
[Site "Plovdiv BUL"]
[Date "2008.04.26"]
[Round "6.90"]
[White "Ovetchkin, Roman"]
[Black "Lintchevski, Daniil"]
[Result "1/2-1/2"]
[WhiteElo "2556"]
[BlackElo "2450"]
[PlyCount "97"]
[EventDate "2008.04.21"]
[Source "www.chesslib.no"]
[SourceDate "2004.05.04"]

1. e4 e5 2. Nf3 Nf6 3. Nxe5 d6 4. Nf3 Nxe4 5. d3 Nf6 6. d4 d5 7. Bg5 Be7 8. Bd3 O-O 9. O-O Bg4 10. Nbd2 Nbd7 11. c3 c6 12. Qc2 Bh5 13. Rfe1 Re8 14. Re2 h6 15. Bf4 Nf8 16. Rae1 Ne6 17. Bg3 Bd6 18. Bf5 Bg4 19. Bh4 Be7 20. h3 Bxf5 21. Qxf5 Nd7 22. Rxe6 fxe6 23. Qxe6+ Kf8 24. Bg3 c5 25. Qxd5 Nf6 26. Qxb7 Qd7 27. Qxd7 Nxd7 28. d5 Bf6 29. Rd1 Nb6 30. Nb3 Re2 31. Nxc5 Rxb2 32. Ne5 Rc8 33. Ne6+ Kg8 34. d6 Re8 35. Nd3 Rxa2 36. Ndc5 Bxc3 37. d7 Nxd7 38. Rxd7 a5 39. Ra7 Re2 40. Nc7 Rd8 41. Nb5 Rd1+ 42. Kh2 Be1 43. Nd7 Bxf2 44. Bxf2 Rxf2 45. Ra8+ Kh7 46. Nf8+ Kg8 47. Ng6+ Kh7 48. Nf8+ Kg8 49. Ng6+ 1/2-1/2

[Event "Cannes op"]
[Site "Cannes"]
[Date "1995.??.??"]
[Round "9"]
[White "Lupu, Mircea Sergiu"]
[Black "Howell, James C"]
[Result "1/2-1/2"]
[WhiteElo "2475"]
[BlackElo "2520"]
[PlyCount "41"]
[EventDate "1995.02.??"]
[Source "ChessBase"]

1. e4 e5 2. Nf3 Nf6 3. Nxe5 d6 4. Nf3 Nxe4 5. d3 Nf6 6. d4 Be7 7. Be2 O-O 8. O-O Re8 9. c4 Bf5 10. Nc3 c6 11. Re1 Ne4 12. Nxe4 Bxe4 13. Bd3 Bxd3 14. Qxd3 Nd7 15. Re2 Nf6 16. Bg5 h6 17. Bh4 Nh5 18. Bxe7 Rxe7 19. Rxe7 Qxe7 20. Re1 Qd7 21. Qe4 1/2-1/2

[Event "New York op"]
[Site "New York"]
[Date "1988.??.??"]
[Round "?"]
[White "Abramovic, Bosko"]
[Black "Ivanovic, Bozidar"]
[Result "1/2-1/2"]
[WhiteElo "2460"]
[BlackElo "2530"]
[PlyCount "24"]
[EventDate "1988.03.??"]
[Source "ChessBase"]

1. e4 e5 2. Nf3 Nf6 3. Nxe5 d6 4. Nf3 Nxe4 5. d3 Nf6 6. d4 Be7 7. Bd3 Bg4 8. O-O O-O 9. Re1 c5 10. h3 Bh5 11. dxc5 dxc5 12. Bg5 Nc6 1/2-1/2

[Event "Stare Mesto"]
[Site "Stare Mesto"]
[Date "1992.??.??"]
[Round "5"]
[White "Hracek, Zbynek"]
[Black "Haba, Petr"]
[Result "1/2-1/2"]
[WhiteElo "2480"]
[BlackElo "2505"]
[PlyCount "33"]
[EventDate "1992.09.??"]
[Source "www.chesslib.no"]
[SourceDate "2004.05.04"]

1. e4 e5 2. Nf3 Nf6 3. Nxe5 d6 4. Nf3 Nxe4 5. d3 Nf6 6. d4 Be7 7. Bd3 O-O 8. O-O Bg4 9. Nbd2 Nc6 10. c3 Qd7 11. Re1 Rae8 12. Nf1 Bh5 13. Ng3 Bg6 14. Bxg6 hxg6 15. Qd3 Bd8 16. Bg5 a6 17. h3 1/2-1/2

[Event "Novy Smokovec"]
[Site "Novy Smokovec"]
[Date "1992.??.??"]
[Round "?"]
[White "Gdanski, Jacek"]
[Black "Hracek, Zbynek"]
[Result "1/2-1/2"]
[WhiteElo "2500"]
[BlackElo "2480"]
[PlyCount "32"]
[EventDate "1992.??.??"]
[Source "ChessBase"]

1. e4 e5 2. Nf3 Nf6 3. Nxe5 d6 4. Nf3 Nxe4 5. d3 Nf6 6. d4 Be7 7. Bd3 O-O 8. O-O Bg4 9. Re1 Nc6 10. c3 Re8 11. Nbd2 Rc8 12. Nf1 Bh5 13. Ng3 Bg6 14. d5 Nb8 15. c4 c6 16. dxc6 Nxc6 1/2-1/2

[Event "It (Men) Brno CZE"]
[Site "?"]
[Date "2005.07.02"]
[Round "3"]
[White "Radulski Julian"]
[Black "Popchev Milko"]
[Result "1/2-1/2"]
[WhiteElo "2502"]
[BlackElo "2460"]
[PlyCount "25"]
[EventDate "2005.??.??"]
[Source "www.chesslib.no"]
[SourceDate "2004.05.04"]

1. e4 e5 2. Nf3 Nf6 3. Nxe5 d6 4. Nf3 Nxe4 5. d3 Nf6 6. d4 Be7 7. Bd3 O-O 8. O-O c5 9. h3 Nc6 10. c3 cxd4 11. Nxd4 Nxd4 12. cxd4 Be6 13. Be3 1/2-1/2

[Event "Moscow Tal Memorial"]
[Site "Moscow RUS"]
[Date "1992.??.??"]
[Round "?"]
[White "Muhutdinov, Marat"]
[Black "Makarichev, Sergey Y"]
[Result "1/2-1/2"]
[WhiteElo "2425"]
[BlackElo "2530"]
[PlyCount "38"]
[EventDate "1992.08.??"]
[Source "www.chesslib.no"]
[SourceDate "2004.05.04"]

1. e4 e5 2. Nf3 Nf6 3. Nxe5 d6 4. Nf3 Nxe4 5. d3 Nf6 6. d4 Be7 7. Bd3 O-O 8. O-O Bg4 9. Bg5 h6 10. Bh4 Nc6 11. h3 Bxf3 12. Qxf3 Nxd4 13. Qxb7 Qd7 14. Bxf6 Bxf6 15. Nc3 Rab8 16. Qxa7 d5 17. a4 Qd6 18. Nb5 Nxb5 19. axb5 Bxb2 1/2-1/2

[Event "Moscow RUS"]
[Site "?"]
[Date "2000.??.??"]
[Round "4"]
[White "Nikolenko Oleg"]
[Black "Donchenko Anatoly G"]
[Result "1-0"]
[WhiteElo "2524"]
[BlackElo "2428"]
[PlyCount "85"]
[EventDate "2000.??.??"]
[Source "www.chesslib.no"]
[SourceDate "2004.05.04"]

1. e4 e5 2. Nf3 Nf6 3. Nxe5 d6 4. Nf3 Nxe4 5. d3 Nf6 6. d4 g6 7. Bd3 Bg7 8. O-O O-O 9. h3 Nc6 10. a3 Ne7 11. c4 Bf5 12. Nc3 Re8 13. Re1 Bxd3 14. Qxd3 Qd7 15. Bg5 h6 16. Bd2 a6 17. Rac1 Kf8 18. Kf1 Nf5 19. g4 Rxe1+ 20. Rxe1 Ne7 21. Ne4 Neg8 22. Kg2 Re8 23. Bb4 Nxe4 24. Rxe4 Nf6 25. Rxe8+ Kxe8 26. d5 Kf8 27. Bc3 Qe8 28. Nd2 Nd7 29. b4 Ne5 30. Qe3 Qa4 31. Qa7 Kg8 32. Qb8+ Bf8 33. Qxc7 Qc2 34. Bxe5 dxe5 35. Nf3 Bg7 36. Nxe5 Qe4+ 37. Nf3 b5 38. d6 Qxc4 39. Qb8+ Kh7 40. d7 Bf6 41. d8=Q Bxd8 42. Qxd8 Qb3 43. Qf6 1-0

[Event "FSGM November"]
[Site "Budapest"]
[Date "2004.11.14"]
[Round "9"]
[White "Fogarasi, Tibor"]
[Black "Ilincic, Zlatko"]
[Result "1-0"]
[WhiteElo "2425"]
[BlackElo "2522"]
[PlyCount "149"]
[EventDate "2004.11.06"]
[Source "Roberto Alvarez"]
[SourceDate "2004.11.22"]

1. e4 e5 2. Nf3 Nf6 3. Nxe5 d6 4. Nf3 Nxe4 5. d3 Nf6 6. d4 d5 7. Bd3 Be7 8. h3 O-O 9. O-O Re8 10. c4 Nc6 11. a3 Be6 12. Nbd2 g6 13. c5 Nh5 14. Nb1 Bf6 15. Be3 Bg7 16. Nc3 f5 17. Ne2 Qf6 18. Bg5 Qf8 19. Bb5 Bd7 20. Nf4 Nxf4 21. Bxf4 Rac8 22. Bxc6 Bxc6 23. Ne5 Re6 24. Qd2 Be8 25. Rfe1 h6 26. h4 Kh7 27. g3 Bf6 28. Kg2 Re7 29. Rh1 Bc6 30. h5 g5 31. Ng6 Qf7 32. Nxe7 Bxe7 33. Be5 Bf8 34. b4 Ba4 35. Rae1 a6 36. Qd3 Kg8 37. Re3 Bd7 38. Ree1 Ba4 39. f3 Bd7 40. Qc2 Qh7 41. a4 Qf7 42. Rb1 c6 43. Rbe1 Re8 44. Qd3 Be7 45. Re2 Bf8 46. Bc7 Bg7 47. Rxe8+ Qxe8 48. Kf2 Bf6 49. Qe3 Qxe3+ 50. Kxe3 Kf7 51. Kd3 Be7 52. Re1 Bf6 53. Be5 Bd8 54. Kc3 Kf8 55. Kb3 Kf7 56. Re2 Kf8 57. Bd6+ Kf7 58. Kc3 Bf6 59. Bc7 Kf8 60. Rg2 Kf7 61. g4 f4 62. Re2 Kf8 63. Be5 Bd8 64. Rb2 Kf7 65. Kb3 Kf8 66. Ka3 Kf7 67. b5 cxb5 68. axb5 axb5 69. Kb4 Be7 70. Ra2 Bc6 71. Ra8 Bf8 72. Rc8 Be7 73. Rh8 Bf8 74. Rh7+ Ke8 75. Bd6 1-0